00647nam a2200169Ia 4500008004100000100001600041245012300057245005300180260003000233260000900263300001100272650001800283650001500301856006900316999001900385952007300404170221s9999 xx 000 0 und d aFaquan Yang 2aA Specific Combination Scheme for Communication Modulation Recognition Based on the Bees Algorithm and Neural Network  cFaquan Yang, Jie Zheng, Haishu Tan, and Yun Fan. bJournal of Communications c2013 aXI : 2 xCommunication xMedia Arts uhttp://www.jocm.us/index.php?m=content&c=index&a=lists&catid=152 c308857d308857 001040aCLbCLd2017-02-21l0r2017-02-21 00:00:00w2017-02-21yFOJ